000 00529nam a2200205Ia 4500
001 b1837-22109 [582]
003 IT-MiCISF
008 161014s9999||||xx |||||||||||||| ||und||
040 _aIT-MiCISF
_cIT-MiCISF
041 _ait
100 _aBarbiellini Amidei Gaspare
245 0 _aI nuovi ragazzi
250 _a1a ed.
260 _a Milano
_bRizzoli
_c1987
300 _ap. 189
500 _a / adolescenza, giovani, rapporti-genitori-figli /
650 _aetà-evolutiva
942 _cBK
957 _71
999 _a22109
_bsi
_g1
_c215695
_d215695